| 000 | 00676nam a2200217 a 4500 | ||
|---|---|---|---|
| 001 | 000041107 | ||
| 005 | 20201002034626.0 | ||
| 008 | 130918s2000 sp r 000 0 spa d | ||
| 040 |
_aDO-SdBNP _bspa _cBNPHU |
||
| 082 |
_axxxx _bS613c |
||
| 100 | 1 |
_aSimpson, Mona _967646 |
|
| 245 | 1 | 0 |
_aA cualquier otro lugar / _cMona Simpson ; traducción Marita Osés. |
| 250 | _a2a. ed. | ||
| 260 |
_aBarcelona : _bTusQuets, _c2000. |
||
| 300 |
_a528 p. ; _c22 cm. |
||
| 490 | 1 |
_aAndanzas _v123 |
|
| 500 | _aIncluye datos biográficos del autor en la solapa de la cubierta | ||
| 590 | _aInventariado, 2019/BT | ||
| 700 | 1 |
_aOsés, Marita, _etr. _967647 |
|
| 830 | 0 |
_aAndanzas _n123 _967648 |
|
| 999 |
_c40597 _d40597 |
||